01063nab a22001937a 4500003000400000005001700004008004100021040000700062100002500069245017500094260007200269300001300341505025900354505008900613650001800702650000900720650002000729773012000749OSt20260121200929.0190502c xxu||||| |||| 00| 0 spa d cPJ aFondevila, Felipe M.10aAgravantes del robo : brobo calificado por el resultado de lesiones, con armas, en despoblado, en banda y perpetrado con perforación o fractura /cFelipe M. Fondevila. aCiudad Autónoma de Buenos Aires :bThomson Reuters La Ley,c2024. ap. 23-39 aSumario: I. Robo calificado por el resultado de lesiones.— II. Robo agravado por el uso de armas.— III. Robo en despoblado.— IV. Robo en banda.— V. Robo perpetrado con perforación o fractura en un lugar habitado o sus dependencias inmediatas.  t¿Te interesa el texto completo? Solicitalo al correo: koha@justierradelfuego.gov.ar 0aDERECHO PENAL 0aROBO 0aROBO CALIFICADO0 02729dBuenos Aires : LexisNexis, 2006-tRevista de derecho penal y procesal penal. Nº 8 - Agosto 2024z9875920622